Music Quiz

Random Music or Singers Quiz

Musician Nicknames Quiz Stats

 Plays Quiz Updated Oct 23, 2018

Support Sporcle.
Go Orange.
Score 0/24 Timer 05:00
6 Plays Today
Nickname Musician % Correct
The King of Rock 'n' RollElvis Presley
93.7%
The King of PopMichael Jackson
89.9%
Piano ManBilly Joel
82.7%
The BossBruce Springsteen
79.6%
The Queen of SoulAretha Franklin
73.7%
The Fab FourThe Beatles
72.3%
The Man in BlackJohnny Cash
71.7%
The Prince of DarknessOzzy Osbourne
61.6%
Chairman of the BoardFrank Sinatra
61.3%
SatchmoLouis Armstrong
51.2%
SlowhandEric Clapton
49.7%
The King of the BluesB.B. King
47.3%
Nickname Musician % Correct
Hardest Working Man in Show Business James Brown
36.9%
Mr. Las VegasWayne Newton
36.9%
The Coal Miner's DaughterLoretta Lynn
33.5%
The Lizard KingJim Morrison
33.1%
The Motor City MadmanTed Nugent
25.6%
First Lady of SongElla Fitzgerald
22.4%
BocephusHank Williams Jr.
21.6%
The Velvet FogMel Torme
21.3%
The Singing CowboyGene Autry
18%
The KillerJerry Lee Lewis
16.3%
The King of SwingBenny Goodman
13.9%
YardbirdCharlie Parker
8.5%

You're not logged in!

Compare scores with friends on all Sporcle quizzes.
OR
Log In

From the Vault

Bad Quarterback | Good Team

by Sporctastic

It helps to have a great defense.
Remove Ads.
Support Sporcle.
Get the best of Sporcle when you Go Orange. This ad-free experience offers more features, more stats, and more fun while also helping to support Sporcle. Thank you for becoming a member.

Show Comments

Extras

Top Quizzes Today


Score Distribution

Your Account Isn't Verified!

In order to create a playlist on Sporcle, you need to verify the email address you used during registration. Go to your Sporcle Settings to finish the process.

Report this User

Report this user for behavior that violates our Community Guidelines.

Details: